000
00243nam a22001097a 4500
008
240610b |||||||| |||| 00| 0 eng d
100
_a
Harmandas
_9
15224
245
_a
Totamano
260
_b
Harmandas Pub
_a
-
_c
-
300
_a
138p.
942
_c
BK
999
_c
39476
_d
39476